Cycling UCI WorldTour Teams 2025 - ALL Riders - Statistics

General Stats
  • This quiz has been taken 1,044 times
  • The average score is 111 of 500
Answer Stats
Name % Correct
UAE Team Emirates - XRG Czechia Flag Tadej Pogačar
95%
UAE Team Emirates - XRG Czechia Flag João Almeida
88%
Team Visma | Lease a Bike Czechia Flag Wout van Aert
86%
Team Visma | Lease a Bike Czechia Flag Jonas Vingegaard
85%
Soudal Quick-Step Czechia Flag Remco Evenepoel
85%
UAE Team Emirates - XRG Czechia Flag Adam Yates
82%
Team Visma | Lease a Bike Czechia Flag Simon Yates
81%
UAE Team Emirates - XRG Czechia Flag Isaac Del Toro
79%
UAE Team Emirates - XRG Czechia Flag Juan Ayuso
79%
Alpecin - Deceuninck Czechia Flag Mathieu van der Poel
78%
Red Bull - BORA - hansgrohe Czechia Flag Primož Roglič
76%
Lidl - Trek Czechia Flag Mads Pedersen
72%
Soudal Quick-Step Czechia Flag Casper Pedersen
71%
Decathlon AG2R La Mondiale Czechia Flag Rasmus Søjberg Pedersen
71%
Team Visma | Lease a Bike Czechia Flag Matteo Jorgenson
69%
Alpecin - Deceuninck Czechia Flag Jasper Philipsen
68%
Lidl - Trek Czechia Flag Albert Withen Philipsen
67%
Intermarché - Wanty Czechia Flag Biniam Girmay
67%
UAE Team Emirates - XRG Czechia Flag Tim Wellens
67%
Team Visma | Lease a Bike Czechia Flag Sepp Kuss
66%
UAE Team Emirates - XRG Czechia Flag Rafał Majka
63%
UAE Team Emirates - XRG Czechia Flag Jhonatan Narváez
62%
Lidl - Trek Czechia Flag Jonathan Milan
62%
Team Visma | Lease a Bike Czechia Flag Edoardo Affini
61%
EF Education - EasyPost Czechia Flag Richard Carapaz
61%
UAE Team Emirates - XRG Czechia Flag Brandon McNulty
60%
UAE Team Emirates - XRG Czechia Flag Marc Soler
60%
UAE Team Emirates - XRG Czechia Flag Nils Politt
58%
Best of the Rest Czechia Flag Thomas Pidcock
58%
INEOS Grenadiers Czechia Flag Egan Bernal
57%
INEOS Grenadiers Czechia Flag Geraint Thomas
56%
Soudal Quick-Step Czechia Flag Tim Merlier
56%
Cofidis Czechia Flag Benjamin Thomas
55%
INEOS Grenadiers Czechia Flag Filippo Ganna
55%
Groupama - FDJ Czechia Flag Guillaume Martin
55%
Best of the Rest Czechia Flag Julian Alaphilippe
55%
UAE Team Emirates - XRG Czechia Flag Pavel Sivakov
55%
Team Visma | Lease a Bike Czechia Flag Christophe Laporte
54%
Best of the Rest Czechia Flag Marc Hirschi
54%
Intermarché - Wanty Czechia Flag Alexander Kamp
53%
Movistar Team Czechia Flag Enric Mas
53%
Cofidis Czechia Flag Jan Maas
52%
Bahrain - Victorious Czechia Flag Lenny Martinez
52%
Bahrain - Victorious Czechia Flag Matej Mohorič
52%
Team Visma | Lease a Bike Czechia Flag Tiesj Benoot
52%
Team Jayco AlUla Czechia Flag Ben O'Connor
51%
Red Bull - BORA - hansgrohe Czechia Flag Daniel Felipe Martínez
51%
Team Picnic PostNL Czechia Flag Guillermo Juan Martinez
51%
Soudal Quick-Step Czechia Flag Mikel Landa
51%
Team Picnic PostNL Czechia Flag Romain Bardet
50%
EF Education - EasyPost Czechia Flag Ben Healy
49%
INEOS Grenadiers Czechia Flag Carlos Rodríguez
49%
UAE Team Emirates - XRG Czechia Flag Ivo Oliveira
49%
UAE Team Emirates - XRG Czechia Flag Jan Christen
49%
UAE Team Emirates - XRG Czechia Flag Jay Vine
49%
Team Visma | Lease a Bike Czechia Flag Olav Kooij
49%
UAE Team Emirates - XRG Czechia Flag Rui Oliveira
49%
Team Visma | Lease a Bike Czechia Flag Attila Valter
48%
Arkéa - B&B Hotels Czechia Flag Cristián Rodríguez
48%
Team Visma | Lease a Bike Czechia Flag Dylan van Baarle
48%
Lidl - Trek Czechia Flag Giulio Ciccone
48%
UAE Team Emirates - XRG Czechia Flag Mikkel Bjerg
48%
Movistar Team Czechia Flag Nelson Oliveira
48%
INEOS Grenadiers Czechia Flag Óscar Rodríguez
48%
Groupama - FDJ Czechia Flag Stefan Küng
48%
Red Bull - BORA - hansgrohe Aleksandr Vlasov
47%
Team Visma | Lease a Bike Czechia Flag Victor Campenaerts
47%
Red Bull - BORA - hansgrohe Czechia Flag Jai Hindley
46%
Bahrain - Victorious Czechia Flag Sergio Tu
46%
UAE Team Emirates - XRG Czechia Flag Domen Novak
45%
Lidl - Trek Czechia Flag Mattias Skjelmose
44%
Groupama - FDJ Czechia Flag David Gaudu
43%
UAE Team Emirates - XRG Czechia Flag Florian Vermeersch
43%
Team Visma | Lease a Bike Czechia Flag Matthew Brennan
43%
UAE Team Emirates - XRG Czechia Flag Felix Großschartner
42%
Alpecin - Deceuninck Czechia Flag Gianni Vermeersch
42%
INEOS Grenadiers Czechia Flag Michał Kwiatkowski
42%
INEOS Grenadiers Czechia Flag Thymen Arensman
42%
INEOS Grenadiers Czechia Flag Bob Jungels
41%
Red Bull - BORA - hansgrohe Czechia Flag Jan Tratnik
41%
Lidl - Trek Czechia Flag Jasper Stuyven
41%
Soudal Quick-Step Czechia Flag Valentin Paret-Peintre
41%
UAE Team Emirates - XRG Czechia Flag António Morgado
40%
Best of the Rest Czechia Flag Arnaud De Lie
40%
Decathlon AG2R La Mondiale Czechia Flag Aurélien Paret-Peintre
40%
Decathlon AG2R La Mondiale Czechia Flag Felix Gall
40%
Alpecin - Deceuninck Czechia Flag Kaden Groves
40%
Lidl - Trek Czechia Flag Mathias Vacek
40%
Soudal Quick-Step Czechia Flag Paul Magnier
40%
Lidl - Trek Czechia Flag Toms Skujiņš
40%
Decathlon AG2R La Mondiale Czechia Flag Sam Bennett
39%
Red Bull - BORA - hansgrohe Czechia Flag Florian Lipowitz
38%
UAE Team Emirates - XRG Czechia Flag Juan Sebastián Molano
38%
Arkéa - B&B Hotels Czechia Flag Kévin Vauquelin
38%
Lidl - Trek Czechia Flag Quinn Simmons
38%
Team Visma | Lease a Bike Czechia Flag Axel Zingle
37%
EF Education - EasyPost Czechia Flag Kasper Asgreen
37%
Team Visma | Lease a Bike Czechia Flag Wilco Kelderman
37%
Soudal Quick-Step Czechia Flag Ilan Van Wilder
36%
Team Picnic PostNL Czechia Flag Oscar Onley
36%
Soudal Quick-Step Czechia Flag Yves Lampaert
36%
Best of the Rest Czechia Flag Alexander Kristoff
35%
Team Jayco AlUla Czechia Flag Dylan Groenewegen
35%
Team Jayco AlUla Czechia Flag Michael Matthews
35%
Movistar Team Czechia Flag Nairo Quintana
35%
INEOS Grenadiers Czechia Flag Tobias Foss
35%
INEOS Grenadiers Czechia Flag Joshua Tarling
34%
Team Picnic PostNL Czechia Flag Fabio Jakobsen
33%
Intermarché - Wanty Czechia Flag Louis Meintjes
33%
EF Education - EasyPost Czechia Flag Neilson Powless
33%
Groupama - FDJ Czechia Flag Romain Grégoire
33%
Bahrain - Victorious Czechia Flag Santiago Buitrago
33%
EF Education - EasyPost Czechia Flag Rui Costa
32%
Arkéa - B&B Hotels Czechia Flag Arnaud Démare
31%
INEOS Grenadiers Czechia Flag Magnus Sheffield
31%
Red Bull - BORA - hansgrohe Czechia Flag Mick van Dijke
31%
Bahrain - Victorious Czechia Flag Pello Bilbao
31%
Lidl - Trek Czechia Flag Thibau Nys
31%
Red Bull - BORA - hansgrohe Czechia Flag Tim van Dijke
31%
UAE Team Emirates - XRG Czechia Flag Vegard Stake Laengen
31%
Best of the Rest Czechia Flag Alberto Bettiol
30%
UAE Team Emirates - XRG Czechia Flag Igor Arrieta
30%
Soudal Quick-Step Czechia Flag Mattia Cattaneo
30%
Red Bull - BORA - hansgrohe Czechia Flag Maxim Van Gils
30%
Decathlon AG2R La Mondiale Czechia Flag Paul Seixas
30%
Team Visma | Lease a Bike Czechia Flag Steven Kruijswijk
30%
INEOS Grenadiers Czechia Flag Ben Swift
29%
INEOS Grenadiers Czechia Flag Connor Swift
29%
Lidl - Trek Czechia Flag Julien Bernard
29%
Decathlon AG2R La Mondiale Czechia Flag Oliver Naesen
29%
UAE Team Emirates - XRG Czechia Flag Pablo Torres
29%
Decathlon AG2R La Mondiale Czechia Flag Stefan Bissegger
29%
Movistar Team Czechia Flag Albert Torres
28%
UAE Team Emirates - XRG Czechia Flag Alessandro Covi
28%
Team Visma | Lease a Bike Czechia Flag Ben Tulett
28%
UAE Team Emirates - XRG Czechia Flag Filippo Baroncini
28%
Team Picnic PostNL Czechia Flag Pavel Bittner
28%
Team Jayco AlUla Czechia Flag Caleb Ewan
27%
Red Bull - BORA - hansgrohe Czechia Flag Danny van Poppel
27%
Red Bull - BORA - hansgrohe Czechia Flag Jordi Meeus
27%
Team Picnic PostNL Czechia Flag Julius van den Berg
27%
Groupama - FDJ Czechia Flag Lars van den Berg
27%
INEOS Grenadiers Czechia Flag Laurens De Plus
27%
EF Education - EasyPost Czechia Flag Marijn van den Berg
27%
Team Jayco AlUla Czechia Flag Mauro Schmid
27%
Alpecin - Deceuninck Czechia Flag Silvan Dillier
27%
Groupama - FDJ Czechia Flag Valentin Madouas
27%
Team Jayco AlUla Czechia Flag Eddie Dunbar
26%
Movistar Team Czechia Flag Iván Romeo
26%
Red Bull - BORA - hansgrohe Laurence Pithie
26%
Soudal Quick-Step Czechia Flag Luke Lamperti
26%
Soudal Quick-Step Czechia Flag Maximilian Schachmann
26%
Red Bull - BORA - hansgrohe Czechia Flag Sam Welsford
26%
INEOS Grenadiers Czechia Flag Axel Laurance
25%
Cofidis Czechia Flag Bryan Coquard
25%
Lidl - Trek Czechia Flag Edward Theuns
25%
Red Bull - BORA - hansgrohe Czechia Flag Giulio Pellizzari
25%
INEOS Grenadiers Czechia Flag Jonathan Castroviejo
25%
Soudal Quick-Step Czechia Flag Josef Černý
25%
Lidl - Trek Czechia Flag Juan Pedro López
25%
Team Jayco AlUla Czechia Flag Luke Plapp
25%
Movistar Team Czechia Flag Orluis Aular
25%
Bahrain - Victorious Czechia Flag Phil Bauhaus
25%
Lidl - Trek Czechia Flag Søren Kragh Andersen
25%
Lidl - Trek Czechia Flag Tao Geoghegan Hart
25%
Team Picnic PostNL Czechia Flag Warren Barguil
25%
Lidl - Trek Czechia Flag Alex Kirsch
24%
Bahrain - Victorious Czechia Flag Antonio Tiberi
24%
INEOS Grenadiers Czechia Flag Ben Turner
24%
Lidl - Trek Czechia Flag Carlos Verona
24%
Lidl - Trek Czechia Flag Daan Hoole
24%
Bahrain - Victorious Czechia Flag Damiano Caruso
24%
Red Bull - BORA - hansgrohe Finn Fisher-Black
24%
Groupama - FDJ Czechia Flag Kevin Geniets
24%
Red Bull - BORA - hansgrohe Czechia Flag Oier Lazkano
24%
Cofidis Czechia Flag Alex Aranburu
23%
Decathlon AG2R La Mondiale Czechia Flag Benoît Cosnefroy
23%
Decathlon AG2R La Mondiale Czechia Flag Bruno Armirail
23%
Decathlon AG2R La Mondiale Czechia Flag Dorian Godon
23%
Movistar Team Czechia Flag Einer Rubio
23%
Lidl - Trek Czechia Flag Lennard Kämna
23%
Decathlon AG2R La Mondiale Czechia Flag Andrea Vendrame
22%
Team Visma | Lease a Bike Czechia Flag Bart Lemmen
22%
Lidl - Trek Czechia Flag Bauke Mollema
22%
Team Visma | Lease a Bike Czechia Flag Cian Uijtdebroeks
22%
Cofidis Czechia Flag Dylan Teuns
22%
Soudal Quick-Step Czechia Flag Ethan Hayter
22%
Red Bull - BORA - hansgrohe Czechia Flag Gianni Moscon
22%
Cofidis Czechia Flag Ion Izagirre
22%
EF Education - EasyPost Czechia Flag Jefferson A. Cepeda
22%
Movistar Team Czechia Flag Jefferson Alveiro Cepeda
22%
UAE Team Emirates - XRG Czechia Flag Julius Johansen
22%
Groupama - FDJ Czechia Flag Lewis Askey
22%
Soudal Quick-Step Czechia Flag Mauri Vansevenant
22%
Lidl - Trek Czechia Flag Patrick Konrad
22%
Red Bull - BORA - hansgrohe Czechia Flag Roger Adrià
22%
UAE Team Emirates - XRG Czechia Flag Rune Herregodts
22%
Lidl - Trek Czechia Flag Simone Consonni
22%
Lidl - Trek Czechia Flag Andrea Bagioli
21%
Cofidis Czechia Flag Emanuel Buchmann
21%
Team Visma | Lease a Bike Czechia Flag Jørgen Nordhagen
21%
Best of the Rest Czechia Flag Lennert Van Eetvelt
21%
Team Visma | Lease a Bike Czechia Flag Niklas Behrens
21%
Team Visma | Lease a Bike Czechia Flag Per Strand Hagenes
21%
Groupama - FDJ Czechia Flag Rémi Cavagna
21%
Lidl - Trek Czechia Flag Ryan Gibbons
21%
Lidl - Trek Czechia Flag Tim Declercq
21%
INEOS Grenadiers Czechia Flag Victor Langellotti
21%
Best of the Rest Czechia Flag Diego Ulissi
20%
Team Picnic PostNL Czechia Flag Frank van den Broek
20%
Intermarché - Wanty Czechia Flag Georg Zimmermann
20%
Intermarché - Wanty Czechia Flag Louis Barré
20%
Team Jayco AlUla Czechia Flag Luka Mezgec
20%
Movistar Team Czechia Flag Pablo Castrillo
20%
Decathlon AG2R La Mondiale Czechia Flag Paul Lapeira
20%
Movistar Team Czechia Flag Davide Formolo
19%
Bahrain - Victorious Czechia Flag Fred Wright
19%
Movistar Team Czechia Flag Javier Romo
19%
Soudal Quick-Step Czechia Flag Louis Vervaeke
19%
Movistar Team Czechia Flag Pelayo Sánchez
19%
INEOS Grenadiers Czechia Flag Samuel Watson
19%
Team Visma | Lease a Bike Czechia Flag Thomas Gloag
19%
Alpecin - Deceuninck Czechia Flag Tibor Del Grosso
19%
Soudal Quick-Step Czechia Flag Bert Van Lerberghe
18%
Decathlon AG2R La Mondiale Czechia Flag Dries De Bondt
18%
Movistar Team Czechia Flag Fernando Gaviria
18%
Team Jayco AlUla Czechia Flag Filippo Zana
18%
EF Education - EasyPost Czechia Flag Georg Steinhauser
18%
Movistar Team Czechia Flag Gregor Mühlberger
18%
Intermarché - Wanty Czechia Flag Laurenz Rex
18%
Team Jayco AlUla Czechia Flag Luke Durbridge
18%
Red Bull - BORA - hansgrohe Czechia Flag Matteo Sobrero
18%
Groupama - FDJ Czechia Flag Matthew Walls
18%
Red Bull - BORA - hansgrohe Czechia Flag Ryan Mullen
18%
Best of the Rest Czechia Flag Stephen Williams
18%
Team Picnic PostNL Czechia Flag Tobias Lund Andresen
18%
Decathlon AG2R La Mondiale Czechia Flag Victor Lafay
18%
EF Education - EasyPost Czechia Flag Alex Baudin
17%
INEOS Grenadiers Czechia Flag Brandon Smith Rivera
17%
Team Visma | Lease a Bike Czechia Flag Daniel McLay
17%
Intermarché - Wanty Dion Smith
17%
Red Bull - BORA - hansgrohe Czechia Flag Giovanni Aleotti
17%
Bahrain - Victorious Czechia Flag Jack Haig
17%
EF Education - EasyPost Czechia Flag Jardi C. van der Lee
17%
Decathlon AG2R La Mondiale Czechia Flag Johannes Staune-Mittet
17%
Team Picnic PostNL Czechia Flag John Degenkolb
17%
EF Education - EasyPost Czechia Flag Madis Mihkels
17%
Soudal Quick-Step Martin Svrček
17%
Team Picnic PostNL Czechia Flag Max Poole
17%
INEOS Grenadiers Czechia Flag Michael Leonard
17%
Movistar Team Czechia Flag Natnael Tesfatsion
17%
Alpecin - Deceuninck Czechia Flag Quinten Hermans
17%
EF Education - EasyPost Czechia Flag Sean Quinn
17%
Lidl - Trek Czechia Flag Tim Torn Teutenberg
17%
EF Education - EasyPost Czechia Flag Vincenzo Albanese
17%
Arkéa - B&B Hotels Czechia Flag Amaury Capiot
16%
INEOS Grenadiers Czechia Flag Andrew August
16%
Soudal Quick-Step Czechia Flag James Knox
16%
Team Visma | Lease a Bike Czechia Flag Julien Vermote
16%
Arkéa - B&B Hotels Czechia Flag Luca Mozzato
16%
Bahrain - Victorious Czechia Flag Matevž Govekar
16%
Alpecin - Deceuninck Czechia Flag Michael Gogl
16%
EF Education - EasyPost Czechia Flag Michael Valgren
16%
Red Bull - BORA - hansgrohe Czechia Flag Nico Denz
16%
Decathlon AG2R La Mondiale Czechia Flag Nicolas Prodhomme
16%
INEOS Grenadiers Czechia Flag Omar Fraile
16%
Movistar Team Czechia Flag Will Barta
16%
Lidl - Trek Czechia Flag Amanuel Ghebreigzabhier
15%
Team Jayco AlUla Czechia Flag Christopher Juul-Jensen
15%
Intermarché - Wanty Czechia Flag Gerben Thijssen
15%
EF Education - EasyPost Czechia Flag Hugh Carthy
15%
Alpecin - Deceuninck Czechia Flag Jonas Rickaert
15%
INEOS Grenadiers Czechia Flag Kim Heiduk
15%
Cofidis Czechia Flag Milan Fretin
15%
Decathlon AG2R La Mondiale Czechia Flag Nans Peters
15%
Team Visma | Lease a Bike Czechia Flag Tosh Van der Sande
15%
Team Picnic PostNL Czechia Flag Chris Hamilton
14%
Team Jayco AlUla Czechia Flag Chris Harper
14%
Best of the Rest Corbin Strong
14%
EF Education - EasyPost Czechia Flag Darren Rafferty
14%
EF Education - EasyPost Czechia Flag Esteban Chaves
14%
INEOS Grenadiers Czechia Flag Lucas Hamilton
14%
Arkéa - B&B Hotels Czechia Flag Michel Ries
14%
Bahrain - Victorious Czechia Flag Nikias Arndt
14%
Soudal Quick-Step Czechia Flag Pascal Eenkhoorn
14%
Bahrain - Victorious Czechia Flag Torstein Træen
14%
EF Education - EasyPost Czechia Flag Archie Ryan
13%
Team Picnic PostNL Czechia Flag Casper van Uden
13%
Decathlon AG2R La Mondiale Czechia Flag Clément Berthet
13%
Bahrain - Victorious Czechia Flag Edoardo Zambanini
13%
Alpecin - Deceuninck Czechia Flag Edward Planckaert
13%
Arkéa - B&B Hotels Czechia Flag Florian Sénéchal
13%
Intermarché - Wanty Czechia Flag Hugo Page
13%
Movistar Team Czechia Flag Iván García Cortina
13%
Arkéa - B&B Hotels Czechia Flag Jenthe Biermans
13%
Cofidis Czechia Flag Jesús Herrada
13%
Intermarché - Wanty Czechia Flag Jonas Rutsch
13%
Soudal Quick-Step Czechia Flag Junior Lecerf
13%
Team Picnic PostNL Czechia Flag Kevin Vermaerke
13%
Movistar Team Czechia Flag Mathias Norsgaard
13%
Team Jayco AlUla Czechia Flag Max Walscheid
13%
Groupama - FDJ Czechia Flag Quentin Pacher
13%
Movistar Team Czechia Flag Ruben Guerreiro
13%
INEOS Grenadiers Czechia Flag Salvatore Puccio
13%
Intermarché - Wanty Czechia Flag Taco van der Hoorn
13%
Alpecin - Deceuninck Czechia Flag Tobias Bayer
13%
Intermarché - Wanty Czechia Flag Adrien Petit
12%
Decathlon AG2R La Mondiale Czechia Flag Callum Scotson
12%
Lidl - Trek Czechia Flag Jacopo Mosca
12%
Groupama - FDJ Czechia Flag Johan Jacobs
12%
Alpecin - Deceuninck Czechia Flag Luca Vergallito
12%
EF Education - EasyPost Czechia Flag Mikkel Frølich Honoré
12%
Arkéa - B&B Hotels Czechia Flag Miles Scotson
12%
Groupama - FDJ Czechia Flag Paul Penhoët
12%
Lidl - Trek Czechia Flag Sam Oomen
12%
Decathlon AG2R La Mondiale Czechia Flag Stan Dewulf
12%
Cofidis Czechia Flag Stanisław Aniołkowski
12%
Alpecin - Deceuninck Czechia Flag Timo Kielich
12%
Alpecin - Deceuninck Czechia Flag Xandro Meurisse
12%
Cofidis Czechia Flag Aimé De Gendt
11%
Arkéa - B&B Hotels Czechia Flag Alessandro Verre
11%
Soudal Quick-Step Czechia Flag Antoine Huby
11%
Decathlon AG2R La Mondiale Czechia Flag Bastien Tronchon
11%
Soudal Quick-Step Czechia Flag Dries Van Gestel
11%
Alpecin - Deceuninck Czechia Flag Gal Glivar
11%
Bahrain - Victorious Czechia Flag Kamil Gradek
11%
Team Jayco AlUla Czechia Flag Koen Bouwman
11%
Team Visma | Lease a Bike Czechia Flag Loe van Belle
11%
Groupama - FDJ Czechia Flag Lorenzo Germani
11%
Intermarché - Wanty Czechia Flag Lorenzo Rota
11%
Alpecin - Deceuninck Czechia Flag Oscar Riesebeek
11%
Lidl - Trek Czechia Flag Otto Vergaerde
11%
Soudal Quick-Step Czechia Flag Pieter Serry
11%
Arkéa - B&B Hotels Czechia Flag Raúl García Pierna
11%
Groupama - FDJ Czechia Flag Sven Eerik Bystrøm
11%
Team Visma | Lease a Bike Czechia Flag Tijmen Graat
11%
Team Jayco AlUla Campbell Stewart
10%
Arkéa - B&B Hotels Czechia Flag Clément Venturini
10%
Alpecin - Deceuninck Czechia Flag Emiel Verstrynge
10%
Red Bull - BORA - hansgrohe Czechia Flag Frederik Wandahl
10%
Soudal Quick-Step Czechia Flag Gianmarco Garofoli
10%
Decathlon AG2R La Mondiale Czechia Flag Léo Bisiaux
10%
Team Visma | Lease a Bike Czechia Flag Menno Huising
10%
Team Jayco AlUla Czechia Flag Patrick Gamper
10%
Cofidis Czechia Flag Simon Carr
10%
Soudal Quick-Step Czechia Flag Warre Vangheluwe
10%
Team Jayco AlUla Czechia Flag Welay Hagos Berhe
10%
Team Jayco AlUla Czechia Flag Alessandro De Marchi
9%
Bahrain - Victorious Czechia Flag Alfono Eulálio
9%
Cofidis Czechia Flag Anthony Perez
9%
INEOS Grenadiers Czechia Flag Artem Schmidt
9%
Red Bull - BORA - hansgrohe Czechia Flag Ben Zwiehoff
9%
Arkéa - B&B Hotels Czechia Flag Ewen Costiou
9%
Red Bull - BORA - hansgrohe Czechia Flag Filip Maciejuk
9%
EF Education - EasyPost Czechia Flag Harry Sweeny
9%
Movistar Team Czechia Flag Lorenzo Milesi
9%
EF Education - EasyPost Czechia Flag Markel Beloki
9%
Cofidis Czechia Flag Piet Allegaert
9%
Alpecin - Deceuninck Czechia Flag Robbe Ghys
9%
Groupama - FDJ Czechia Flag Rudy Molard
9%
Team Jayco AlUla Czechia Flag Alan Hatherly
8%
Intermarché - Wanty Czechia Flag Arne Marit
8%
Team Jayco AlUla Czechia Flag Davide De Pretto
8%
Team Jayco AlUla Czechia Flag Elmar Reinders
8%
Intermarché - Wanty Czechia Flag Francesco Busatto
8%
Bahrain - Victorious Czechia Flag Fran Miholjević
8%
Soudal Quick-Step Czechia Flag Gil Gelders
8%
Intermarché - Wanty Czechia Flag Huub Artz
8%
Alpecin - Deceuninck Czechia Flag Johan Price-Pejtersen
8%
Soudal Quick-Step Czechia Flag Jordi Warlop
8%
Movistar Team Czechia Flag Manlio Moro
8%
Arkéa - B&B Hotels Czechia Flag Mathis Le Berre
8%
Team Picnic PostNL Czechia Flag Nils Eekhoff
8%
Groupama - FDJ Czechia Flag Olivier Le Gac
8%
EF Education - EasyPost Czechia Flag Owain Doull
8%
Decathlon AG2R La Mondiale Czechia Flag Pierre Gautherat
8%
Bahrain - Victorious Czechia Flag Rainer Kepplinger
8%
Groupama - FDJ Czechia Flag Rémy Rochas
8%
Bahrain - Victorious Czechia Flag Robert Stannard
8%
Team Picnic PostNL Czechia Flag Romain Combaud
8%
EF Education - EasyPost Czechia Flag Samuele Battistella
8%
Decathlon AG2R La Mondiale Czechia Flag Sander De Pestel
8%
Alpecin - Deceuninck Czechia Flag Stan Van Tricht
8%
Bahrain - Victorious Czechia Flag Vlad Van Mechelen
8%
Team Jayco AlUla Czechia Flag Anders Foldager
7%
Bahrain - Victorious Czechia Flag Andrea Pasqualon
7%
Red Bull - BORA - hansgrohe Czechia Flag Anton Palzer
7%
Team Jayco AlUla Czechia Flag Asbjørn Hellemose
7%
Soudal Quick-Step Czechia Flag Ayco Bastiaens
7%
Movistar Team Czechia Flag Carlos Canal
7%
Groupama - FDJ Czechia Flag Clément Russo
7%
Movistar Team Czechia Flag Davide Cimolai
7%
Decathlon AG2R La Mondiale Czechia Flag Geoffrey Bouchard
7%
Alpecin - Deceuninck Czechia Flag Henri Uhlig
7%
EF Education - EasyPost Czechia Flag James Shaw
7%
Movistar Team Czechia Flag Jon Barrenetxea
7%
Movistar Team Czechia Flag Jorge Arcas
7%
Intermarché - Wanty Czechia Flag Kobe Goossens
7%
EF Education - EasyPost Czechia Flag Lukas Nerurkar
7%
Team Jayco AlUla Czechia Flag Michael Hepburn
7%
Team Jayco AlUla Czechia Flag Paul Double
7%
Soudal Quick-Step Czechia Flag Pepijn Reinderink
7%
Intermarché - Wanty Czechia Flag Roel van Sintmaartensdijk
7%
Alpecin - Deceuninck Samuel Gaze
7%
Intermarché - Wanty Czechia Flag Simone Petilli
7%
Cofidis Czechia Flag Stefano Oldani
7%
Arkéa - B&B Hotels Czechia Flag Thibault Guernalec
7%
Decathlon AG2R La Mondiale Czechia Flag Tord Gudmestad
7%
Arkéa - B&B Hotels Czechia Flag Victor Guernalec
7%
Intermarché - Wanty Czechia Flag Vito Braet
7%
Red Bull - BORA - hansgrohe Czechia Flag Alexander Hajek
6%
Cofidis Czechia Flag Alexis Renard
6%
Intermarché - Wanty Czechia Flag Alexy Faure Prost
6%
Soudal Quick-Step Czechia Flag Andrea Raccagni Noviero
6%
Team Picnic PostNL Czechia Flag Bram Welten
6%
Groupama - FDJ Czechia Flag Brieuc Rolland
6%
Groupama - FDJ Czechia Flag Clément Braz Afonso
6%
Groupama - FDJ Czechia Flag Clément Davy
6%
Movistar Team Czechia Flag Diego Pescador
6%
Groupama - FDJ Czechia Flag Eddy Le Huitouze
6%
Red Bull - BORA - hansgrohe Czechia Flag Emil Herzog
6%
Groupama - FDJ Czechia Flag Enzo Paleni
6%
Alpecin - Deceuninck Czechia Flag Fabio Van den Bossche
6%
Team Jayco AlUla Czechia Flag Felix Engelhardt
6%
Decathlon AG2R La Mondiale Czechia Flag Gianluca Pollefliet
6%
Team Picnic PostNL Czechia Flag Gijs Leemreize
6%
Team Jayco AlUla Czechia Flag Jasha Sütterlin
6%
Alpecin - Deceuninck Czechia Flag Jensen Plowright
6%
Alpecin - Deceuninck Czechia Flag Jimmy Janssens
6%
Red Bull - BORA - hansgrohe Czechia Flag Jonas Koch
6%
Team Jayco AlUla Czechia Flag Kelland O'Brien
6%
Arkéa - B&B Hotels Czechia Flag Laurens Huys
6%
Intermarché - Wanty Czechia Flag Luca Van Boven
6%
Decathlon AG2R La Mondiale Czechia Flag Oscar Chamberlain
6%
EF Education - EasyPost Czechia Flag Yuhi Todome
6%
Bahrain - Victorious Czechia Flag Alberto Bruttomesso
5%
Arkéa - B&B Hotels Czechia Flag Anthony Delaplace
5%
Movistar Team Czechia Flag Antonio Pedrero
5%
Cofidis Czechia Flag Damien Touzé
5%
Bahrain - Victorious Czechia Flag Finlay Pickering
5%
Arkéa - B&B Hotels Czechia Flag Giosuè Epis
5%
Movistar Team Czechia Flag Gonzalo Serrano
5%
Cofidis Czechia Flag Jonathan Lastra
5%
Decathlon AG2R La Mondiale Czechia Flag Jordan Labrosse
5%
Alpecin - Deceuninck Czechia Flag Juri Hollmann
5%
Alpecin - Deceuninck Czechia Flag Lars Boven
5%
Arkéa - B&B Hotels Czechia Flag Martin Tjøtta
5%
Team Picnic PostNL Czechia Flag Matthew Dinham
5%
Bahrain - Victorious Czechia Flag Max van der Meulen
5%
EF Education - EasyPost Czechia Flag Max Walker
5%
Team Picnic PostNL Czechia Flag Niklas Märkl
5%
Alpecin - Deceuninck Czechia Flag Ramses Debruyne
5%
Team Picnic PostNL Czechia Flag Sean Flynn
5%
Groupama - FDJ Czechia Flag Thibaud Gruel
5%
Team Picnic PostNL Czechia Flag Alex Edmondson
4%
Groupama - FDJ Czechia Flag Cyril Barthe
4%
Arkéa - B&B Hotels Czechia Flag Donevan Grondin
4%
Intermarché - Wanty Czechia Flag Dries De Pooter
4%
Arkéa - B&B Hotels Czechia Flag Élie Gesbert
4%
Arkéa - B&B Hotels Czechia Flag Embret Svestad-Bårdseng
4%
Intermarché - Wanty Czechia Flag Gijs Van Hoecke
4%
Team Jayco AlUla Czechia Flag Jelte Krijnsen
4%
Intermarché - Wanty Czechia Flag Kamiel Bonneu
4%
Intermarché - Wanty Czechia Flag Kevin Colleoni
4%
Cofidis Czechia Flag Ludovic Robeet
4%
Bahrain - Victorious Czechia Flag Nicolò Buratti
4%
Decathlon AG2R La Mondiale Czechia Flag Noa Isidore
4%
Cofidis Czechia Flag Oliver Knight
4%
Team Jayco AlUla Czechia Flag Robert Donaldson
4%
Bahrain - Victorious Roman Ermakov
4%
Cofidis Czechia Flag Sergio Samitier
4%
Alpecin - Deceuninck Czechia Flag Simon Dehairs
4%
Arkéa - B&B Hotels Czechia Flag Simon Guglielmi
4%
Cofidis Czechia Flag Sylvain Moniquet
4%
Team Picnic PostNL Czechia Flag Tim Naberman
4%
Team Picnic PostNL Czechia Flag Timo Roosen
4%
Groupama - FDJ Czechia Flag Tom Donnenwirth
4%
Bahrain - Victorious Czechia Flag Žak Eržen
4%
EF Education - EasyPost Czechia Flag Alastair Mackellar
3%
Cofidis Czechia Flag Clément Izquierdo
3%
Bahrain - Victorious Czechia Flag Daniel Skerl
3%
Cofidis Czechia Flag Hugo Toumire
3%
EF Education - EasyPost Czechia Flag Jack Rootkin-Gray
3%
Arkéa - B&B Hotels Czechia Flag Louis Rouland
3%
Bahrain - Victorious Czechia Flag Mathijs Paasschens
3%
Cofidis Czechia Flag Nicolas Debeaumarché
3%
Team Picnic PostNL Czechia Flag Patrick Eddy
3%
Cofidis Czechia Flag Paul Ourselin
3%
Arkéa - B&B Hotels Czechia Flag Pierre Thierry
3%
Intermarché - Wanty Czechia Flag Tom Paquot
3%
Cofidis Czechia Flag Valentin Ferron
3%
Team Picnic PostNL Czechia Flag Bjoern Koerdt
2%
Cofidis Czechia Flag Eddy Finé
2%
Team Picnic PostNL Czechia Flag Enzo Leijnse
2%
Intermarché - Wanty Czechia Flag Gerben Kuypers
2%
Arkéa - B&B Hotels Czechia Flag Léandre Lozouet
2%
Cofidis Czechia Flag Nolann Mahoudo
2%
Bahrain - Victorious Czechia Flag Oliver Stockwell
2%
Team Picnic PostNL Czechia Flag Robbe Dhondt
2%
Cofidis Czechia Flag Sam Maisonobe
2%
No matching quizzes found
Score Distribution
Percent of People with Each Score
Percentile by Number Answered
Your Score History
You have not taken this quiz